Central Library OPAC University of Rajshahi

International relations / (Record no. 74481)

MARC details
000 -LEADER
fixed length control field 00723nam a22002537a 4500
001 - CONTROL NUMBER
control field 74481
003 - CONTROL NUMBER IDENTIFIER
rucl marc code BD-RjUL
005 - DATE AND TIME OF LATEST TRANSACTION
control field 20211209082546.0
008 - FIXED-LENGTH DATA ELEMENTS--GENERAL INFORMATION
fixed length control field 181007r20182013ii ||||| |||| 001 0 eng d
020 ## - INTERNATIONAL STANDARD BOOK NUMBER
International Standard Book Number 9789325968363
035 ## - SYSTEM CONTROL NUMBER
System control number (BD-RjUL)74699
040 ## - CATALOGING SOURCE
Original cataloging agency BD-RjUL
Language of cataloging eng
Transcribing agency BD-RjUL
041 ## - LANGUAGE CODE
Language code of text/sound track or separate title eng
082 ## - DEWEY DECIMAL CLASSIFICATION NUMBER
Edition number 23
Classification number 327.05
Author mark and year KHI 2018
100 ## - MAIN ENTRY--PERSONAL NAME
Personal name Khanna, V N
Fuller form of name (Vishwa Nath)
9 (RLIN) 223345
245 ## - TITLE STATEMENT
Title International relations /
Statement of responsibility, etc. V N Khanna
250 ## - EDITION STATEMENT
Edition statement 5th ed.
260 ## - PUBLICATION, DISTRIBUTION, ETC. (IMPRINT)
Place of publication, distribution, etc. New Delhi :
Name of publisher, distributor, etc. Vikas Pub. House,
Date of publication, distribution, etc. c2013 [Reprinted 2018]
300 ## - PHYSICAL DESCRIPTION
Pagination 486 pages :
Illustrations ill. ;
Size 24 cm.
500 ## - GENERAL NOTE
General note Includes index.
650 ## - SUBJECT ADDED ENTRY--TOPICAL TERM
Topical term or geographic name as entry element International relations.
9 (RLIN) 223346
Topical term or geographic name as entry element World politics
9 (RLIN) 223347
942 ## - ADDED ENTRY ELEMENTS (KOHA)
Source of classification or shelving scheme Dewey Decimal Classification
Koha item type Books
Holdings
Lost status Source of classification or shelving scheme Damaged status Not for loan Collection code Permanent Location Current Location Shelving location Date acquired Source of acquisition Cost, normal purchase price Total Checkouts Full call number Date last seen Date checked out Copy number Koha item type
  Dewey Decimal Classification     Non-fiction Central Library, University of Rajshahi Central Library, University of Rajshahi   23/09/2018 Orbital International, Dhaka 497.25 4 327.05 KHI 2018 27/12/2023 18/12/2023 C-2 Books
  Dewey Decimal Classification     Non-fiction Central Library, University of Rajshahi Central Library, University of Rajshahi   23/09/2018 Orbital International, Dhaka 497.25 1 327.05 KHI 2018 02/11/2022 16/10/2022 C-3 Books
  Dewey Decimal Classification     Non-fiction Central Library, University of Rajshahi Central Library, University of Rajshahi   23/09/2018 Orbital International, Dhaka 497.25 2 327.05 KHI 2018 28/09/2022 14/09/2022 C-4 Books
  Dewey Decimal Classification     Non-fiction Central Library, University of Rajshahi Central Library, University of Rajshahi   23/09/2018 Orbital International, Dhaka 497.25 3 327.05 KHI 2018 10/01/2023 21/12/2022 C-5 Books
  Dewey Decimal Classification   Not For Loan Non-fiction Central Library, University of Rajshahi Central Library, University of Rajshahi Reading Room 23/09/2018 Orbital International, Dhaka 497.25   327.05 KHI 2018 07/10/2018   C-1 Books